Polosuché kultivácie vláknitých húb. Znovuobjavenie biotechnológie nutraceutických potravín

Uložené v:
Podrobná bibliografia
Hlavný autor: Slugeň, Dušan, 1959- (Autor)
Médium: Rukopis Kniha
Jazyk:Slovak
Vydavateľské údaje: Bratislava : STU v Bratislave ChtF, 1998
Vydanie:Obháj.: 1.6.1999
Tagy: Pridať tag
Žiadne tagy, Buďte prvý, kto otaguje tento záznam!

MARC

LEADER 00000ntm a22000003a 4500
001 stu53320
005 20150617225707.2
008 000427s1998----xo------------------slo-d
040 |a STU  |b slo 
041 0 |a slo 
044 |a xo 
080 |a 633.1(043.3) 
100 1 |a Slugeň, Dušan,  |d 1959-  |4 aut  |u C4310  |U FCHPT Ústav biotechnológie a potravinárstva  |T FCHPT Oddelenie biochemickej technológie  |X 3876  |U C4310  |Y 116  |7 A000003876 
245 1 |a Polosuché kultivácie vláknitých húb. Znovuobjavenie biotechnológie nutraceutických potravín 
250 |a Obháj.: 1.6.1999 
260 |a Bratislava :  |b STU v Bratislave ChtF,  |c 1998 
300 |a 65 s. Obr.,tab.,grafy,lit 
500 |a Katedra biochemickej technológie 
996 |b 284C016448  |c C*KD422  |l CCI  |s A  |a 24  |w stu53320_0001